Novela española de nuestro tiempo : 1940-1974 : en busca del pueblo perdido /

Análisis de las maneras como la preocupación social se manifestó en la novela española del franquismo, con expresiones existencialistas, estructuralistas y de la llamada precisamente novela social.

Gorde:
Xehetasun bibliografikoak
Egile nagusia: Sobejano, Gonzalo (autor)
Formatua: Liburua
Hizkuntza:gaztelania
Argitaratua: Madrid, España : Mare Nostrum Comunicación, 2005, c2005
Edizioa:3a edición
Saila:(Estudios y Ensayos Marenostrum ; 5)
Gaiak:
Etiketak: Etiketa erantsi
Etiketarik gabe, Izan zaitez lehena erregistro honi etiketa jartzen!

MARC

LEADER 00000nam^a2200000^a^4500
001 000184882
005 20250521000000.0
009 20260310102130.467
020 |a 84-96391-09-4 
037 |a Acervo ITESO - Biblioteca 
041 |a ESP 
082 |a 860. 946  |b NOV V. 2 
100 |a Sobejano, Gonzalo  |e (autor) 
240 1 1 |a [Novela española: análisis] 
245 1 0 |a Novela española de nuestro tiempo :  |b 1940-1974 : en busca del pueblo perdido /  |c G. Sobejano. 
250 |a 3a edición 
264 4 |a Madrid, España :  |b Mare Nostrum Comunicación,  |c 2005, c2005 
300 |a 445 p. 
336 |a texto  |b txt  |2 rdacontenido 
337 |a sin mediación  |b n  |2 rdamedio 
338 |a volumen  |b nc  |2 rdasoporte 
440 1 |a (Estudios y Ensayos Marenostrum ;  |v 5) 
520 |a Análisis de las maneras como la preocupación social se manifestó en la novela española del franquismo, con expresiones existencialistas, estructuralistas y de la llamada precisamente novela social. 
649 |a XX 
650 |a Existencialismo en la Literatura -  |z España -  |x Historia y Crítica 
650 |a Estructuralismo -  |z España -  |x Historia y Crítica 
650 |a Novela Española -  |x Historia y Crítica -  |x Tema Principal 
650 |a Literatura y Sociedad -  |z España -  |x Historia y Crítica -  |x Tema Principal 
650 |a Literatura Española -  |x Historia y Crítica 
650 |a Literatura Española -  |y Siglo XX 
650 |a España -  |x Historia -  |y Franquismo, 1939-1975 
650 |a España -  |x Historia -  |y Siglo XX 
910 |a Fondo General 
920 |a Impresos - Libros 
930 |a Colección General 
940 |a Literatura 
905 |a 101 
901 |a 0500126054  |b IT1  |c LIT  |u 20250521 
902 |a https://opac.biblio.iteso.mx/vufind/Record/000184882